Ceremonial de la misa, y oficio divino segvn el orden de la santa iglesia romana, sus vltimas disposiciones, rubricas, y decretos (Record no. 8416)

MARC details
000 -CABECERA
campo de control de longitud fija 02000nam a2200253 a 4500
001 - NÚMERO DE CONTROL
campo de control BRCA_8765
005 - FECHA Y HORA DE LA ÚLTIMA TRANSACCIÓN
campo de control 20190320210411.0
008 - DATOS DE LONGITUD FIJA--INFORMACIÓN GENERAL
campo de control de longitud fija 290317s1721----sp-#######---#000-0#spa-#
041 ## - CÓDIGO DE LENGUA
Código de lengua del texto/banda sonora o título independiente spa
044 ## - CÓDIGO DEL PAÍS DE LA ENTIDAD EDITORA/PRODUCTORA
Código MARC del país sp
084 ## - OTRO NÚMERO DE CLASIFICACIÓN
Número de clasificación BE126
Número de documento/Ítem .S47 1721
100 1# - ENTRADA PRINCIPAL--NOMBRE DE PERSONA
Nombre de persona Serrate, Francisco de San Nicolas
9 (RLIN) 21827
245 10 - MENCIÓN DE TÍTULO
Título Ceremonial de la misa, y oficio divino segvn el orden de la santa iglesia romana, sus vltimas disposiciones, rubricas, y decretos
Resto del título los indvltos de el missal, y brevario novissimo Franciscano: y las costumbres loables de la Santa Provincia de San Diego, en Andalvcia, de religiosos menores descalzos de nuestro seráfico padre San Francisco ofrecelo rendidamente a la misa Santa Providencia
Mención de responsabilidad, etc. sv avthor el minimo de sus hijos Fr. Francisco de San Nicolas Serrate, lector de theologia, y difinidor actual.
260 ## - PUBLICACIÓN, DISTRIBUCIÓN, ETC.
Lugar de publicación, distribución, etc. Sevilla
Nombre del editor, distribuidor, etc. en el Convento de S. Diego
Fecha de publicación, distribución, etc. 1721
300 ## - DESCRIPCIÓN FÍSICA
Extensión [30], [16], 399 p.
Dimensiones 19.4 x 15 cm.
500 ## - NOTA GENERAL
Nota general Con licencia
500 ## - NOTA GENERAL
Nota general Estado físico: presenta encuadernación en pergamino, con cintas rotas y anotaciones en su interior
500 ## - NOTA GENERAL
Nota general Con marca de fuego: “Procedencia de la marca: Convento de San Francisco de Querétaro(1). Institución: Orden de Frailes Menores. Provincia de San Pedro y San Pablo de Michoacán. Descripción: Tres iniciales separadas: ´C´, ´S´ y ´Q´ en cuya silueta se agregó el resto del texto: C[onvento] S[an Francisco] Q[uerétaro]. Luego el escudo franciscano de las 5 llagas inscrito en un círculo formado del cordón franciscano. Observaciones: Rafael Sala, Carlos Krausse y David Saavedra Vega la catalogan como perteneciente al Convento de San Francisco de Querétaro. Ubicación de la marca en el libro: Canto superior, inferior y fronta”
650 14 - PUNTO DE ACCESO ADICIONAL DE MATERIA--TÉRMINO DE MATERIA
Término de materia o nombre geográfico como elemento de entrada Iglesia católica
Subdivisión de forma Missal
9 (RLIN) 21828
650 14 - PUNTO DE ACCESO ADICIONAL DE MATERIA--TÉRMINO DE MATERIA
Término de materia o nombre geográfico como elemento de entrada Franciscanos
Subdivisión geográfica España
9 (RLIN) 21829
856 ## - LOCALIZACIÓN Y ACCESO ELECTRÓNICOS
Nombre del host http://www.marcasdefuego.buap.mx:8180/xmLibris/projects/firebrand/item.jsp?repository=marcas_de_fuego&key=d6defe3d.xml&num=14
902 ## - CATALOGADOR
Iniciales CFM
942 ## - ELEMENTOS DE PUNTO DE ACCESO ADICIONAL (KOHA)
Fuente del sistema de clasificación o colocación Library of Congress Classification
Tipo de ítem Koha Libros
Holdings
Estado de retiro Estado de pérdida Estado dañado No para préstamo Localización permanente Ubicación/localización actual Fecha de adquisición Total de préstamos Signatura topográfica completa Código de barras Fecha visto por última vez Precio válido a partir de Tipo de ítem Koha
El ejemplar forma parte de la colección y puede ser consultado según las políticas vigentes.       Biblioteca del Museo Franz Mayer (Rogerio Casas-Alatriste) Biblioteca del Museo Franz Mayer (Rogerio Casas-Alatriste) 29/03/2017   BE126 .S47 1721 CFM00091 22/03/2019 22/03/2019 Libros